Dog Man Multiple Choice Part 2 - Statistics

General Stats
  • This quiz has been taken 19 times
  • The average score is 4 of 5
Answer Stats
Question Answer % Correct
Dog Man: A Tale of Two Kitties A Tale of Two Cities
90%
Dog Man: For Whom the Ball Rolls For Whom the Bell Tolls
80%
Dog Man: Lord of the Fleas Lord of the Flies
70%
Dog Man: The Brawl of the Wild The Call of the Wild
70%
Dog Man: Mothering Heights Wuthering Heights
70%
No matching quizzes found
Score Distribution
Percent of People with Each Score
Percentile by Number Answered
Your Score History
You have not taken this quiz